| 000 | 00759nam a2200229 a 4500 | ||
|---|---|---|---|
| 999 |
_c8056 _d8056 |
||
| 001 | 8056 | ||
| 003 | BD-JhCC | ||
| 005 | 20180218083349.0 | ||
| 008 | 180218s1964 p |||| ||a| 000 0 ben d | ||
| 035 | _a(BD-JhCC)8056 | ||
| 040 |
_aBD-JhCC _dBD-JhCC |
||
| 041 | _aben | ||
| 082 |
_a954 _bKHA 1964 |
||
| 100 | _aখান, লিয়াকত আলী | ||
| 245 |
_aপাকিস্তানি এশিয়ার প্রাণকেন্দ্র / _cলিয়াকত আলী খান, |
||
| 260 |
_aঢাকা : _bনওরোজ কিতাবিস্তান _c1964 |
||
| 300 |
_a168 p. : _c20 cm. |
||
| 650 | _aPakistan | ||
| 700 | _aরহিম, আবদুর (অনুবাদ) | ||
| 942 |
_2ddc _cBK |
||